| Поле | Инд. | ПП | Название | Значение |
|---|---|---|---|---|
| Тип записи | a | |||
| Библиографический уровень | s | |||
| 001 | Контрольный номер | UNIDUBNAcabebba77e9447adb042832bac31c823 | ||
| 005 | Дата корректировки | 20260521173039.8 | ||
| 008 | Кодируемые данные | 20120705 | ||
| 022 | 0_ | a | ISSN | 2074-9252 |
| 040 | b | Код языка каталог. | rus | |
| e | Правила каталог. | PSBO | ||
| 041 | 0_ | a | Код языка текста | rus |
| 084 | a | Индекс другой классификации/Индекс ББК | 65.29 | |
| 090 | a | Полочн. индекс | 95.2+65 | |
| x | Авторский знак | Р 89 | ||
| 245 | 10 | a | Заглавие | Русский инженер |
| b | Продолж. заглавия | всероссийский информационно-аналитический и научно-технический журнал | ||
| n | Номер части/ раздела | №4/2024 | ||
| c | Ответственность | учредитель: Региональное объединение работодателей "Московская Конфедерация промышленников и предпринимателей (работодателей); гл. ред. С. И. Резник | ||
| 246 | 01 | a | Другая форма заглавия | Russian engineer |
| 260 | a | Место издания | Москва | |
| b | Издательство | Издательский дом МКПП (р) "КонфИнМедиа" | ||
| c | Дата издания | 2024 | ||
| 300 | a | Объем | 47 с. | |
| 500 | a | Примечание | Журнал, выходит 1 раз в 3 месяца | |
| a | Примечание | Основан в 2003 году | ||
| 650 | 04 | a | Основная рубрика | образование |
| a | Основная рубрика | профессиональное образование | ||
| 653 | 0_ | a | Ключевые слова | инженерное образование |
| a | Ключевые слова | инновации | ||
| a | Ключевые слова | подготовка инженеров | ||
| a | Ключевые слова | подготовка кадров | ||
| a | Ключевые слова | техника | ||
| a | Ключевые слова | Университет "Дубна" | ||
| 901 | t | Тип документа | s | |
| 952 | a | Тип литературы для КСУ ВШ | НЖ |